Personal del Pla d'informació i vigilància. Manual d'acollida
Publicado:
Barcelona :
Diputació de Barcelona. Àrea de Presidència. Direcció dels Serveis de Recursos Humans ,
2018
Descripción Física:
25 pàgines ; 21 cm
Colección:
Treballar a la Diputació
Materias:
Incendis forestals -- Prevenció i control
; Municipis -- Govern i administració -- Barcelona (Catalunya : Província)
; Manuals, vademècums, etc.
Idioma:
Catalán
MARC
| LEADER | 00000nam a22000007a 4500 | ||
|---|---|---|---|
| 001 | 25546 | ||
| 008 | 220517b spa||||| |||| 00| 0 cat d | ||
| 017 | |a DL B 15454-2018 | ||
| 080 | |a FU-69-33 | ||
| 245 | |a Personal del Pla d'informació i vigilància. Manual d'acollida | ||
| 260 | |a Barcelona : |b Diputació de Barcelona. Àrea de Presidència. Direcció dels Serveis de Recursos Humans, |c 2018 | ||
| 300 | |a 25 pàgines ; |c 21 cm | ||
| 490 | |a Treballar a la Diputació | ||
| 650 | 0 | |a Incendis forestals |x Prevenció i control |9 50256 | |
| 650 | 0 | |a Municipis |x Govern i administració |x Barcelona (Catalunya : Província) |9 42329 | |
| 655 | 0 | |9 52956 |a Manuals, vademècums, etc. | |
| 710 | 1 | |a Barcelona (Catalunya : Província). |b Direcció dels Serveis de Recursos Humans |9 52859 | |
| 942 | |2 udc |c ARXIU |n 1 | ||
| 952 | |0 0 |1 0 |4 0 |6 FU6933 |7 1 |9 61764 |a Arxiu |b Arxiu |d 2022-05-17 |l 0 |o FU-69-33 |p 25546 |r 2022-05-17 00:00:00 |w 2022-05-17 |y ARXIU | ||
| 999 | |c 81619 |d 81619 | ||